| 000 | 00609nam a2200205 a 4500 | ||
|---|---|---|---|
| 005 | 20240925065436.0 | ||
| 008 | 991125s1990 es 000 0 spa u | ||
| 020 | _a8427708890 | ||
| 035 | _aUPN01000002958 | ||
| 049 | _aCG | ||
| 050 | 4 |
_aLC191 _bG7.38 |
|
| 100 | 1 | _aGriéger, Paul | |
| 245 | 1 | 0 |
_aAnimar la comunidad escolar : _bvivir y construir juntos / _cPaul Griéger ; tr. Carlos Urdiales Recio. |
| 260 |
_aMadrid : _bNarcea, _c1990. |
||
| 300 | _a108 p. | ||
| 440 | 0 | _aEducación hoy | |
| 650 | 4 |
_aRelación maestro-estudiante _94168 |
|
| 650 | 4 |
_aSociología de la educación _94896 |
|
| 905 | _aLibro | ||
| 999 |
_c2958 _d2958 |
||